[Event "BRA-ch U26"]
[Site "Brasilia"]
[Date "2024.10.16"]
[Round "5"]
[White "Martins, Alan Pedro Vasconce"]
[Black "Da Costa, Gabriel Magalhaes"]
[Result "1-0"]
[WhiteElo "1860"]
[BlackElo "1716"]
[PlyCount "81"]
[EventDate "2024.10.14"]
[EventType "swiss"]
[EventRounds "6"]
[EventCountry "BRA"]
[SourceTitle "CB43_2024"]
[Source "Chessbase"]
[SourceDate "2024.10.23"]
[SourceVersion "1"]
[SourceVersionDate "2024.10.23"]
[SourceQuality "1"]

1. d4 Nf6 2. Bg5 d5 3. Bxf6 exf6 4. e3 Bd6 5. c4 dxc4 6. Bxc4 0-0 7. Nc3 c6 8. Nf3 Bg4 9. h3 Bh5 10. g4 Bg6 11. Nh4 Nd7 12. Nxg6 hxg6 13. Qc2 Nb6 14. Bb3 Nd5 15. Bxd5 cxd5 16. Qb3 Qd7 17. Qxd5 Rac8 18. Qb3 f5 19. g5 Rfe8 20. a3 a5 21. Qb5 Qe7 22. h4 f4 23. e4 Rxc3 24. bxc3 Qxe4+ 25. Kd2 f3 26. Rae1 Qf4+ 27. Kc2 Rxe1 28. Rxe1 Qxh4 29. Qe8+ Bf8 30. Qe3 Qg4 31. Rb1 Qf5+ 32. Qd3 Qxg5 33. Qxf3 Bxa3 34. Rxb7 Qc1+ 35. Kb3 f5 36. Rb8+ Kf7 37. Qd5+ Kf6 38. Rb6+ Kg5 39. Qg2+ Kf4 40. Qg3+ Ke4 41. Re6+ 1-0

[Event "BRA-ch U26"]
[Site "Brasilia"]
[Date "2024.10.14"]
[Round "1"]
[White "Da Costa, Gabriel Magalhaes"]
[Black "De Lima, Eli Artur Karl"]
[Result "1-0"]
[WhiteElo "1716"]
[BlackElo "1985"]
[PlyCount "99"]
[EventDate "2024.10.14"]
[EventType "swiss"]
[EventRounds "6"]
[EventCountry "BRA"]
[SourceTitle "CB43_2024"]
[Source "Chessbase"]
[SourceDate "2024.10.23"]
[SourceVersion "1"]
[SourceVersionDate "2024.10.23"]
[SourceQuality "1"]

1. e4 c5 2. Nf3 Nc6 3. d4 cxd4 4. Nxd4 Nf6 5. Nc3 e5 6. Ndb5 d6 7. Nd5 Nxd5 8. exd5 Ne7 9. c4 Ng6 10. h4 Be7 11. Bg5 Bxg5 12. hxg5 Qa5+ 13. Qd2 Qxd2+ 14. Kxd2 Ke7 15. g3 Bd7 16. Rc1 a6 17. Nc3 f5 18. gxf6+ gxf6 19. Be2 f5 20. Rh5 Rag8 21. b4 b6 22. Rch1 Rg7 23. a4 Kf6 24. c5 bxc5 25. bxc5 dxc5 26. Bxa6 Re7 27. Kd3 e4+ 28. Kc4 Ne5+ 29. Kxc5 Ng4 30. d6 Re5+ 31. Kb6 Nxf2 32. Rxh7 Nxh1 33. Rxh8 Nxg3 34. Kc7 Rc5+ 35. Kxd7 Rxc3 36. Ke8 Rc5 37. Rh7 Rd5 38. d7 e3 39. d8Q+ Rxd8+ 40. Kxd8 Ne4 41. a5 f4 42. Be2 Nc3 43. Bf3 Ke5 44. a6 Na4 45. a7 Nb6 46. Rb7 Na8 47. Rb5+ Kd4 48. Bxa8 e2 49. Rb1 Ke3 50. Bb7 1-0

[Event "Cuiaba Mato Grosso-ch"]
[Site "Cuiaba"]
[Date "2019.12.07"]
[Round "3"]
[White "Pimentel, Maraiza Dalila Assu"]
[Black "Da Costa, Gabriel Magalhaes"]
[Result "0-1"]
[WhiteElo "1743"]
[BlackElo "1497"]
[PlyCount "40"]
[EventDate "2019.12.06"]
[EventType "swiss"]
[EventRounds "6"]
[EventCountry "BRA"]
[SourceTitle "CBM 193 Extra"]
[Source "ChessBase"]
[SourceDate "2020.01.31"]
[SourceVersion "1"]
[SourceVersionDate "2020.01.31"]
[SourceQuality "1"]

1. d4 Nf6 2. Bf4 g6 3. Nc3 d5 4. e3 Bg7 5. Be2 c6 6. Nf3 Nbd7 7. h3 0-0 8. 0-0 e6 9. Qd2 Ne4 10. Nxe4 dxe4 11. Nh2 Nb6 12. Qc1 Nd5 13. Bg3 Qg5 14. c4 Ne7 15. Bf4 Qf6 16. f3 exf3 17. Nxf3 Nf5 18. Qd2 Qd8 19. Rad1 b6 20. b3 Bb7 0-1

[Event "BRA-ch Amateur U2000"]
[Site "Sao Paulo"]
[Date "2019.06.22"]
[Round "6"]
[White "Krongold, Breno"]
[Black "Da Costa, Gabriel Magalhaes"]
[Result "1/2-1/2"]
[WhiteElo "1647"]
[BlackElo "1478"]
[PlyCount "62"]
[EventDate "2019.06.20"]
[EventType "swiss"]
[EventRounds "7"]
[EventCountry "BRA"]
[SourceTitle "EXT 2020"]
[Source "ChessBase"]
[SourceDate "2019.10.17"]
[SourceVersion "1"]
[SourceVersionDate "2019.10.17"]
[SourceQuality "1"]

1. e4 e5 2. Nf3 Nc6 3. d4 exd4 4. Bc4 Bc5 5. 0-0 h6 6. c3 dxc3 7. Nxc3 Nge7 8. Bf4 0-0 9. Nd5 Nxd5 10. Qxd5 d6 11. Bb5 Be6 12. Qd2 Ne7 13. Bxh6 c6 14. Bd3 Ng6 15. Be3 Bxe3 16. Qxe3 Ne5 17. Be2 Nxf3+ 18. Bxf3 b5 19. Rfd1 Qc7 20. b3 Rac8 21. Rac1 Rfd8 22. Rd2 a5 23. Rcd1 Rd7 24. h3 Rcd8 25. Rc1 b4 26. Rdc2 c5 27. Be2 f6 28. Bc4 Re7 29. Qf4 Bxc4 30. Rxc4 Re5 31. f3 Qd7 1/2-1/2

[Event "Cuiaba Contaud op"]
[Site "Cuiaba"]
[Date "2019.06.01"]
[Round "3"]
[White "Deus Filho, Joaquim"]
[Black "Da Costa, Gabriel Magalhaes"]
[Result "1-0"]
[WhiteElo "1928"]
[BlackElo "1478"]
[PlyCount "89"]
[EventDate "2019.05.31"]
[EventType "swiss"]
[EventRounds "6"]
[EventCountry "BRA"]
[SourceTitle "EXT 2020"]
[Source "ChessBase"]
[SourceDate "2019.10.17"]
[SourceVersion "1"]
[SourceVersionDate "2019.10.17"]
[SourceQuality "1"]

1. f4 d5 2. e3 g6 3. Nf3 Bg4 4. Be2 Bg7 5. Ne5 Bxe2 6. Qxe2 Nd7 7. Qb5 Bxe5 8. fxe5 e6 9. 0-0 Qc8 10. d4 c6 11. Qe2 Ne7 12. e4 dxe4 13. Qxe4 Nf5 14. g4 Ne7 15. Qf3 Nf5 16. gxf5 gxf5 17. Kh1 Qd8 18. Rg1 Qb6 19. c3 0-0-0 20. Nd2 Qb5 21. a4 Qa6 22. b4 Nb6 23. Rg7 Rd7 24. a5 Nd5 25. Rb1 Nc7 26. Nb3 Qc4 27. Nc5 Rdd8 28. Rxf7 Qa2 29. Rb2 Qa1 30. Rc2 Rde8 31. a6 Nxa6 32. Nxb7 Qa4 33. Nd6+ Kb8 34. Rb7+ Ka8 35. Rb5 Rc8 36. Rg2 Qa1 37. Rg1 Qb1 38. Ra5 Nb8 39. b5 Rc7 40. bxc6 Qb6 41. Rc5 Nxc6 42. Nc4 Qa6 43. Na5 Rcc8 44. Ba3 Rb8 45. Rxc6 1-0